00737nam a2200157 a 4500003000200000005001700002008004100019050003300060100002900093245013200122260009000254300004600344504004100390650007600431650007200507020250430114949.0050808s19uu xx 00 eng d aPHS HF 5549.5.M63b.S29 2005 aSayed, Rosalie Bianca T. aThe Motivational factors that affect the level of performance of employees of Citystate Tower Hotel /cRosalie Bianca T. Sayed. aLas Piñas City, Philippines :bSouthville International School and Colleges,c2005. a65 pages :bcolor illustrations ;c28 cm. aIncludes bibliographical references. 2Library of Congress Subject HeadingsaEmployee motivationzPhilippines. 2Library of Congress Subject HeadingsaJob performancezPhilippines.